| 000 | 00560nam a2200181Ia 4500 | ||
|---|---|---|---|
| 005 | 20250326123432.0 | ||
| 008 | 250326s9999 xx 000 0 und d | ||
| 037 | _aTextbook | ||
| 040 |
_aFMSL _beng _cFMSL |
||
| 041 |
_aeng _2eng |
||
| 084 |
_aX:513 P5 _qFMSL |
||
| 100 |
_aJones J P _9735135 |
||
| 245 | 0 |
_aHow to turn advertising expenses int o investments : 20 signposts to greater efficiency _cJones J P |
|
| 260 |
_aNew York _bNew York, Syracuse University _c2005 |
||
| 300 | _a328p | ||
| 942 |
_cTB _hX:513 P5 |
||
| 999 |
_c1269354 _d1269354 |
||